| 000 -LEADER | |
|---|---|
| fixed length control field | 00419nam a22001697a 4500 |
| 005 - DATE AND TIME OF LATEST TRANSACTION | |
| control field | 20160625122208.0 |
| 008 - FIXED-LENGTH DATA ELEMENTS--GENERAL INFORMATION | |
| fixed length control field | 160625b xxu||||| |||| 00| 0 eng d |
| 020 ## - INTERNATIONAL STANDARD BOOK NUMBER | |
| ISBN | 0-7619-9469-6 |
| 041 ## - LANGUAGE CODE | |
| Language code of text/sound track or separate title | eng |
| 082 ## - DEWEY DECIMAL CLASSIFICATION NUMBER | |
| Item number | 10195 |
| 100 ## - MAIN ENTRY--AUTHOR NAME | |
| Personal name | French, David and Richards Michael |
| 245 ## - TITLE STATEMENT | |
| Title | Television in Confemparary Aria |
| 260 ## - PUBLICATION, DISTRIBUTION, ETC. (IMPRINT) | |
| Name of publisher | Sage |
| Year of publication | 2000 |
| 300 ## - PHYSICAL DESCRIPTION | |
| Number of Pages | 440 |
| 650 ## - SUBJECT ADDED ENTRY--TOPICAL TERM | |
| Topical Term | Mass Communication |
| 942 ## - ADDED ENTRY ELEMENTS (KOHA) | |
| Koha item type | Books |
| Lost status | Damaged status | Home library | Current library | Shelving location | Date acquired | Cost, normal purchase price | Full call number | Accession Number | Koha item type |
|---|---|---|---|---|---|---|---|---|---|
| JRU Library | SHELF-31-H | 25/06/2016 | 650.00 | 10195 | 10195 | Books | |||
| JRU Library | SHELF-31-H | 25/06/2016 | 650.00 | 10195 | 10196 | Books | |||
| JRU Library | SHELF-31-H | 25/06/2016 | 650.00 | 10195 | 10197 | Books | |||
| JRU Library | SHELF-31-H | 25/06/2016 | 650.00 | 10195 | 10198 | Books |